The opium clerk / (Record no. 135069)

MARC details
000 -LEADER
fixed length control field 00675nam a22002417a 4500
003 - CONTROL NUMBER IDENTIFIER
control field dpl0
005 - DATE AND TIME OF LATEST TRANSACTION
control field 20180813160925.0
008 - FIXED-LENGTH DATA ELEMENTS--GENERAL INFORMATION
fixed length control field 180813b xxu||||| |||| 00| 0 eng d0
010 ## - LIBRARY OF CONGRESS CONTROL NUMBER
LC control number B-217985
020 ## - INTERNATIONAL STANDARD BOOK NUMBER
Terms of availability 00.00
035 ## - SYSTEM CONTROL NUMBER
System control number B-217985,B-217990
037 ## - SOURCE OF ACQUISITION
Source of stock number/acquisition Cen Lib/Ret
040 ## - CATALOGING SOURCE
Original cataloging agency DPL
Language of cataloging EN
Transcribing agency 0
082 ## - DEWEY DECIMAL CLASSIFICATION NUMBER
Classification number N
Item number BAS
100 ## - MAIN ENTRY--PERSONAL NAME
Personal name Basu, Kunal
9 (RLIN) 94090
245 ## - TITLE STATEMENT
Title The opium clerk /
Statement of responsibility, etc by Kunal Basu
260 ## - PUBLICATION, DISTRIBUTION, ETC. (IMPRINT)
Place of publication, distribution, etc New Delhi
Name of publisher, distributor, etc Penguin Books
Date of publication, distribution, etc 2001
270 ## - ADDRESS
City New Delhi
Address 11 Community Centre, Panchsheel Park
Postal code 110017
300 ## - PHYSICAL DESCRIPTION
Extent 312p.
Dimensions 20cm(pbk)
650 ## - SUBJECT ADDED ENTRY--TOPICAL TERM
Topical term or geographic name as entry element Literature -- fiction
9 (RLIN) 94091
650 ## - SUBJECT ADDED ENTRY--TOPICAL TERM
Topical term or geographic name as entry element English Novel
9 (RLIN) 14422
942 ## - ADDED ENTRY ELEMENTS (KOHA)
Source of classification or shelving scheme Dewey Decimal Classification
Koha item type English Books
Classification part N
Call number suffix BAS
Holdings
Withdrawn status Lost status Source of classification or shelving scheme Damaged status Not for loan Home library Current library Date acquired Source of acquisition Cost, normal purchase price Total Checkouts Full call number Barcode Date last seen Copy number Cost, replacement price Price effective from Koha item type Collection code Total Renewals Date checked out
    Dewey Decimal Classification     Central Library Central Library 30/09/2015 Cen Lib/Ret 0.00   N BAS B-217985 30/09/2015 1 0.00 30/09/2015 English Books      
    Dewey Decimal Classification     Kasturba Gandhi Marg Kasturba Gandhi Marg 13/08/2018 BPPD/PUB 0.00 3 N BAS B-217990 23/10/2018   0.00 13/08/2018 English Books Fiction 3 06/10/2018

© Delhi Public Library
Hit Counter
free hit counter